Health values ; a text and workbook /

Bibliographic Details
Main Author: Eberhardt, Charles J.
Other Authors: Krakower, Hyman, 1907-
Format: Book
Language:English
Published: Englewood Cliffs, N.J. : Prentice-Hall, 1960.
Subjects:

MARC

Tag First Indicator Second Indicator Subfields
LEADER 00000cam a2200000 4500
001 in00000025150
005 20151007061117.0
008 750908s1960 njua 00010 eng
010 |a  60007031  
035 |a (OCoLC)01609637 
035 |9 AAD1125AM 
040 |a DLC  |c FQG  |d TXA  |d UtOrBLW 
049 |a TXAM  |c [319167] 
050 0 |a QP36  |b .E183 
082 0 |a 613 
092 |a 613  |b E16h, 1960 
100 1 |a Eberhardt, Charles J. 
245 1 0 |a Health values ;  |b a text and workbook /  |c [by] Charles J. Eberhardt [and] Hyman Krakower. 
264 1 |a Englewood Cliffs, N.J. :  |b Prentice-Hall,  |c 1960. 
300 |a 314 pages :  |b illustrations ;  |c 25 cm. 
336 |a text  |b txt  |2 rdacontent 
337 |a unmediated  |b n  |2 rdamedia 
338 |a volume  |b nc  |2 rdacarrier 
650 0 |a Physiology. 
650 0 |a Hygiene. 
700 1 |a Krakower, Hyman,  |d 1907- 
999 |a MARS 
999 f f |s 111661b1-f991-3478-be1f-fd01e612b773  |i 458755ef-d204-30d9-bfa0-2716c68d1ea5  |t 0 
952 f f |p ric  |a Texas A&M University  |b Rellis Campus  |c Joint Library Facility  |d Remote Storage  |t 0  |e QP36 .E183  |h Library of Congress classification  |i unmediated -- volume  |m A14801028252 
998 f f |a QP36 .E183  |t 0  |l Remote Storage